Normal view
MARC view
- الشوا ، تالا سعود
Entry Personal Name
001 - CONTROL NUMBER
- control field: 29250
003 - CONTROL NUMBER IDENTIFIER
- control field: JO-AjAnu
005 - DATE AND TIME OF LATEST TRANSACTION
- control field: 20230606074940.0
008 - FIXED-LENGTH DATA ELEMENTS
- fixed length control field: 230606|| aca||aabn | a|a d
040 ## - CATALOGING SOURCE
- Original cataloging agency: JO-AjAnu
- Transcribing agency: JO-AjAnu
100 ## - HEADING--PERSONAL NAME
- Personal name: الشوا ، تالا سعود
670 ## - SOURCE DATA FOUND
- Source citation: Work cat.: (JO-AjAnu)15015: الشوا ، تالا سعود, author, التشريعات التجارية وتشريعات الأعمال لطلبة العلوم الدارية والمالية = COMMERCIAL AND BUSINESS LAW